| 000 | 00442nam a22001937a 4500 | ||
|---|---|---|---|
| 003 | bpm | ||
| 005 | 20260413112414.0 | ||
| 008 | 260413b |||||||| |||| 00| p spa d | ||
| 020 | _a9788484450245 | ||
| 024 | _aS. C. C. / M. C. y E. M.: | ||
| 040 | _aAR-CtUCP | ||
| 041 | _aspa | ||
| 080 | _aCDU | ||
| 100 | _aClements Jonathan | ||
| 245 | _aLa luna en los pinos | ||
| 650 | _aLiteratura - PoesÃa | ||
| 942 | _cLIB | ||
| 999 |
_c76630 _d76630 |
||